UFO magazín parapsychológia, ľudové liečiteľstvo, neidentifikované lietajúce predmety, nevysvetliteľné úkazy, výskum vesmíru a budúcnosti
| Format: | Journal |
|---|---|
| Language: | Slovak |
| Published: |
Nitra
Alex
1992-2005
Nitra Interkozmos Nitra Andrea Miretínska |
| ISSN: | 1210-3268 |
| Subjects: |
MARC
| LEADER | 00000cas a2200000 a 4500 | ||
|---|---|---|---|
| 001 | vtls001472214 | ||
| 003 | SK-MaSNL | ||
| 005 | 20260228161235.0 | ||
| 008 | 150706d19922005xo br|p 0 0 0slo | ||
| 022 | |a 1210-3268 | ||
| 035 | |a SNK000427516 | ||
| 040 | |a SNK |b slo |c SNK |d SVKPO |d SAVUK |e AACR2 | ||
| 041 | 0 | |a slo | |
| 044 | |a xo |c SK | ||
| 072 | 7 | |a 00 |x Veda. Všeobecnosti. Základy vedy a kultúry. Vedecká práca |2 konspekt | |
| 080 | |a 050 |2 2001 | ||
| 080 | |a 001.94 |2 2001 | ||
| 210 | 0 | |a UFO mag. |b (Nitra) | |
| 222 | 0 | |a UFO magazín |b (Nitra) | |
| 245 | 0 | 0 | |a UFO magazín |b parapsychológia, ľudové liečiteľstvo, neidentifikované lietajúce predmety, nevysvetliteľné úkazy, výskum vesmíru a budúcnosti |
| 260 | |a Nitra |b Alex |c 1992-2005 | ||
| 260 | 2 | |3 5/1999-2001 |a Nitra |b Interkozmos | |
| 260 | 3 | |3 2002-2005 |a Nitra |b Andrea Miretínska | |
| 310 | |a 6x ročne |b 2005 | ||
| 321 | |a 4x ročne |b 2002-2004 | ||
| 321 | |a 1x mesačne |b 1994-2001 | ||
| 321 | |a 6x ročne |b 1992-1993 | ||
| 362 | 0 | |a Roč. 1, č. 1 (1992)-roč. 14, č. 1 (2005) | |
| 500 | |a Podnázov v tiráži: populárno-vedecký magazín | ||
| 500 | |a Zmena podnázvu od č. 3/2000: UFO, mimozemské civilizácie, paranormálne javy, záhady | ||
| 500 | |a Redaktori sa menia | ||
| 515 | |a V rokoch 2002-2004 boli ročne vydané len dve čísla | ||
| 650 | 0 | 7 | |a UFO |2 SNKPH |9 14781 |
| 650 | 0 | 7 | |a záhady |2 SNKPH |9 4262 |
| 650 | 0 | 7 | |a mimozemské civilizácie |2 SNKPH |9 1368 |
| 655 | 7 | |a špecializované časopisy |2 SNKPH |9 70509 | |
| 910 | |a snk | ||
| 910 | |a savuk | ||
| 916 | |a 1992-2005 | ||
| 958 | |a OND | ||
| 999 | |c 4767 |d 6697 | ||
| 952 | |0 0 |1 0 |4 0 |7 0 |a SNK |b SNK |d 2015-07-03 |f 1 |i snkČSP 4303/94 |l 0 |o snkČSB 4422/1/1992 |p 17A0857853 |r 2026-02-21 19:34:37 |t č. 1 |w 2026-02-21 |y PREZ | ||
| 952 | |0 0 |1 0 |4 0 |7 0 |a SNK |b SNK |d 2015-07-03 |f 1 |i snkČSP 4142/94 |l 0 |o snkČSB 4422/2/1993 |p 17A0857849 |r 2026-02-21 19:34:37 |t č. 1-6 |w 2026-02-21 |y PREZ | ||
| 952 | |0 0 |1 0 |4 0 |7 0 |a SNK |b SNK |d 2015-07-03 |f 1 |i snkČSP 506/99 |l 0 |o snkČSB 4422/3/1994 |p 17A0857851 |r 2026-02-21 19:34:37 |t č. 1-12 |w 2026-02-21 |y PREZ | ||
| 952 | |0 0 |1 0 |4 0 |7 0 |a SNK |b SNK |d 2015-07-03 |f 1 |i snkČSP 556/99 |l 0 |o snkČSB 4422/4/1995 |p 17A0857852 |r 2026-02-21 19:34:37 |t č. 1-12 |w 2026-02-21 |y PREZ | ||
| 952 | |0 0 |1 0 |4 0 |7 0 |a SNK |b SNK |d 2015-07-03 |f 1 |i snkČSP 512/99 |l 0 |o snkČSB 4422/5/1996 |p 17A0857868 |r 2026-02-21 19:34:37 |t č. 1-12 |w 2026-02-21 |y PREZ | ||
| 952 | |0 0 |1 0 |4 0 |7 0 |a SNK |b SNK |d 2015-07-03 |f 1 |i snkČSP 510/99 |l 0 |o snkČSB 4422/6/1997 |p 17A0857844 |r 2026-02-21 19:34:38 |t č. 1-12 |w 2026-02-21 |y PREZ | ||
| 952 | |0 0 |1 0 |4 0 |7 0 |a SNK |b SNK |d 2015-07-03 |f 1 |i snkČSP 2584/2002 |l 0 |o snkČSB 4422/8/1999 |p 17A0857875 |r 2026-02-21 19:34:43 |t č. 1-12 |w 2026-02-21 |y PREZ | ||
| 952 | |0 0 |1 0 |4 0 |7 0 |a SNK |b SNK |d 2015-07-03 |f 1 |i snkČSP 2586/2002 |l 0 |o snkČSB 4422/10/2001 |p 17A0961336 |r 2026-02-21 19:34:43 |t č. 1-4 |w 2026-02-21 |y PREZ | ||
| 952 | |0 0 |1 0 |4 0 |7 0 |8 0 |a SNK |b SNK |d 2015-07-03 |f 1 |i snk2015/20632 |l 0 |o snkČSB 4422/7/1998 |p 17A1144972 |r 2026-02-21 19:34:43 |t č. 1-12 |w 2026-02-21 |y PREZ | ||
| 952 | |0 0 |1 0 |4 0 |7 0 |8 0 |a SNK |b SNK |d 2015-07-03 |f 1 |i snk2015/20637 |l 0 |o snkČSB 4422/9/2000 |p 17A1144973 |r 2026-02-21 19:34:43 |t č. 1-10 |w 2026-02-21 |y PREZ | ||
| 952 | |0 0 |1 0 |4 0 |7 0 |8 0 |a SNK |b SNK |d 2015-07-03 |i snk2015/20640 |l 0 |o snkČSB 4422/9/2000 D1 |p 17A1144974 |r 2026-02-21 19:34:43 |t č. 1-10, neúpl. |w 2026-02-21 |y PREZ |z chýbajú č. 2-7 | ||
| 952 | |0 0 |1 0 |4 0 |7 0 |8 0 |a SNK |b SNK |d 2015-07-03 |f 1 |i snk2015/20643 |l 0 |o snkČSB 4422/11/2002 |p 17A1144975 |r 2026-02-21 19:34:43 |t č. 1-2 |w 2026-02-21 |y PREZ | ||
| 952 | |0 0 |1 0 |4 0 |7 0 |8 0 |a SNK |b SNK |d 2015-07-03 |i snk2015/20644 |l 0 |o snkČSB 4422/11/2002 D1 |p 17A1144976 |r 2026-02-21 19:34:43 |t č. 1-2 |w 2026-02-21 |y PREZ | ||
| 952 | |0 0 |1 0 |4 0 |7 0 |8 0 |a SNK |b SNK |d 2015-07-03 |f 1 |i snk2015/20647 |l 0 |o snkČSB 4422/12/2003 |p 17A1144977 |r 2026-02-21 19:34:43 |t č. 1-2 |w 2026-02-21 |y PREZ | ||
| 952 | |0 0 |1 0 |4 0 |7 0 |8 0 |a SNK |b SNK |d 2015-07-03 |i snk2015/20650 |l 0 |o snkČSB 4422/12/2003 D1 |p 17A1144978 |r 2026-02-21 19:34:43 |t č. 1-2, neúpl. |w 2026-02-21 |y PREZ |z chýba č. 1 | ||
| 952 | |0 0 |1 0 |4 0 |7 0 |8 0 |a SNK |b SNK |d 2015-07-03 |f 1 |i snk2015/20651 |l 0 |o snkČSB 4422/13/2004 |p 17A1144979 |r 2026-02-21 19:34:43 |t č. 1-2 |w 2026-02-21 |y PREZ | ||
| 952 | |0 0 |1 0 |4 0 |7 0 |8 0 |a SNK |b SNK |d 2015-07-03 |i snk2015/20652 |l 0 |o snkČSB 4422/13/2004 D1 |p 17A1144980 |r 2026-02-21 19:34:43 |t č. 1-2 |w 2026-02-21 |y PREZ | ||
| 952 | |0 0 |1 0 |4 0 |7 0 |8 0 |a SNK |b SNK |d 2015-07-03 |f 1 |i snk2015/20653 |l 0 |o snkČSB 4422/14/2005 |p 17A1144981 |r 2026-02-21 19:34:43 |t č. 1 |w 2026-02-21 |y PREZ | ||
| 952 | |0 0 |1 0 |4 0 |7 0 |8 0 |a SNK |b SNK |d 2015-07-03 |i snk2015/20654 |l 0 |o snkČSB 4422/14/2005 D1 |p 17A1144982 |r 2026-02-21 19:34:43 |t č. 1 |w 2026-02-21 |y PREZ | ||
| 952 | |0 0 |1 0 |4 0 |7 0 |a SNK |b SNK |d 2019-05-21 |i snkČSP 2587/2002 |l 0 |o snkČSB 4422/10/2001 D1 |p 17A1154715 |r 2026-02-21 22:07:22 |t č. 1-4 |w 2026-02-21 |y PREZ |z č. 1-4, január - apríl | ||


